000 00653 a2200181 4500
003 Nust
005 20170207154319.0
040 _cNust
082 _a005.1
100 _aNC Omar Rahman BESE-14
245 _aDesign and Development of Framework for Using cloud computing (Hard / Soft-copy)
260 _aRawalpindi
_bMCS
_c2012
300 _a178 p
505 _aIntroduction (Page-1) Literature Review (Page-16) Systems Design and Specifications (Page-54) System Implementation (Page-57) Testing and Result Analysis (Page-129) Conclusion and Future Work (Page-137)
538 _aAlmirah No.71 Shelf No.6
650 _aUG Project
651 _aUG Project CS
942 _cTHS
999 _c196697
_d196697